|
|
|
|
| LEADER |
01420nam a2200385Ia 4500 |
| 001 |
EBC589233 |
| 003 |
MiAaPQ |
| 005 |
20200520144314.0 |
| 006 |
m o d | |
| 007 |
cr cn||||||||| |
| 008 |
100617s2010 enka sb 001 0 eng d |
| 010 |
|
|
|z 2010024537
|
| 020 |
|
|
|z 9780470747483
|
| 035 |
|
|
|a (MiAaPQ)EBC589233
|
| 035 |
|
|
|a (Au-PeEL)EBL589233
|
| 035 |
|
|
|a (CaPaEBR)ebr10412605
|
| 035 |
|
|
|a (CaONFJC)MIL277446
|
| 035 |
|
|
|a (OCoLC)669861875
|
| 040 |
|
|
|a MiAaPQ
|c MiAaPQ
|d MiAaPQ
|
| 050 |
|
4 |
|a HD61
|b .O66 2010
|
| 082 |
0 |
4 |
|a 658.15/5
|2 22
|
| 245 |
0 |
0 |
|a Operational risk management
|h [electronic resource] :
|b a practical approach to intelligent data analysis /
|c edited by Ron S. Kenett, Yossi Raanan.
|
| 260 |
|
|
|a Chichester ;
|a [Hoboken] :
|b John Wiley & Sons,
|c 2010.
|
| 300 |
|
|
|a xxxvii, 285 p. :
|b ill.
|
| 504 |
|
|
|a Includes bibliographical references and index.
|
| 533 |
|
|
|a Electronic reproduction. Ann Arbor, MI : ProQuest, 2015. Available via World Wide Web. Access may be limited to ProQuest affiliated libraries.
|
| 650 |
|
0 |
|a Risk management.
|
| 650 |
|
0 |
|a Quality control.
|
| 650 |
|
0 |
|a Information technology
|x Quality control.
|
| 650 |
|
0 |
|a Process control.
|
| 655 |
|
4 |
|a Electronic books.
|
| 700 |
1 |
|
|a Kenett, Ron.
|
| 700 |
1 |
|
|a Raanan, Yossi.
|
| 710 |
2 |
|
|a ProQuest (Firm)
|
| 856 |
4 |
0 |
|u https://ebookcentral.proquest.com/lib/matrademy/detail.action?docID=589233
|z Click to View
|